Регионална библиотека "Любен Каравелов" - Русе

Руби Редфорт: Погледни ме в очите (Запис номер 154605)

MARC детайли
000 -Лидер
Контролно поле с фиксирана дължина 01491nam a2200373 c 4500
003 - Код на организацията, давaща контролен номер
Контролно поле BLK
005 - Дата и час на последна редакция
Контролно поле 20250717173830.0
008 - Елементи от данни с фиксирана дължина
fixed length control field 180410b bul|||||r ||||||| ||bul||
010 ## - Наследен системен номер
LC control number KNG00161244000
020 ## - Международен стандартен номер на книга ISBN
Международен стандартен номер на книга ISBN 978-619-164-052-2
-- издат.: Enthusiast
040 ## - Източник на каталожния запис
Идентификатор на билиотеката - собственик на записа BLK
041 ## - Код за език
Код за езика на текст/звукозапис или на отделно заглавие Български
Код за езика КДБФ Български
072 #7 - Код за тематичната категория
Код организация bullib
Код за тематична категория Н85
Текст Детска художествена литература Н
080 ## - УДК
Текстов определител УДК Английска литература
УДК код - определител по УДК 821.111
УДК определител -93-312.4
УДК - код + определител 821.111-93-312.4
100 1# - Редна дума - Автор
Автор Чайлд, Лорън
Авторска отговорност първи автор
R(LIN) 332546
139 ## - Редно поле
Редна дума Чайлд, Лорън
Авторски знак Чаиков - Ч 16
245 10 - Сведения за заглавието
Заглавие Руби Редфорт: Погледни ме в очите
Подзаглавни данни Роман
Редно поле (дума) Лорън Чайлд; прев. от англ. Анелия Великова Янева.
257 ## - Страна на издаване
Страна на създаване/издаване Великобритания
260 ## - Област на издателските данни
-- София
Име на издателя, разпространителя и проч. Enthusiast
Година на издаване 2013
Печатница София : Хеликс Прес
300 ## - Физическа характеристика
Страници 367 с.
Размери/Мащаб 20 см
380 ## - Жанр
Жанр Детска худож. лит.
500 ## - Общи забележки
Забележка Ориг. загл. Ruby Redfort : Look Into My Eyes / Louren Child.
653 ## - Ключова дума – ненормативна
Ключова дума крими
653 ## - Ключова дума – ненормативна
Ключова дума литература за деца
653 ## - Ключова дума – ненормативна
Ключова дума детска литература
659 ## - Тематичен бюлетин
Тематичен бюлетин Н
700 1# - Други автори (авторска отговорност)
Лично име Янева, Анелия Великова
Автороска отговорност (Описва отношението между автора и произведението) прев. от англ.
9 (RLIN) 323555
852 ## - Местоположение
Форматна сигнатура Цб 269027
856 4# - Електронен адрес и достъп
Електронен формат pdf - файл
Път до файла /url/
856 4# - Електронен адрес и достъп
Електронен формат pdf - файл
Път до файла /url/
942 ## - АРТИКУЛИ
Вид на библиотечния материал Книги
Скрит в OPAC Не
Koha issues (borrowed), all copies 23
944 ## - СЪЗДАВАНЕ И РЕДАКЦИЯ на ЗАПИСА
Създаване/Редакция Създаване
Дата на регистрацията/редакция 26.05.2014
Статус, дата на статуса Цветомила Тодорова
Служител, извършил регистрацията/редакцията 30576
944 ## - СЪЗДАВАНЕ И РЕДАКЦИЯ на ЗАПИСА
Създаване/Редакция Редакция
Дата на регистрацията/редакция 06.07.2017
Статус, дата на статуса ф /
Служител, извършил регистрацията/редакцията Людмила_Стоянова
999 ## - СИСТЕМНИ КОНТРОЛНИ НОМЕРА
Koha biblionumber 154605
Koha biblioitemnumber 154605
Наличности
Код за отписване Код за изгубен артикул Код за повреда Коз за рестрикции Код за отдаване Артикулен № Име на библиотеката - собственик Име на библиотеката, в която се намира в момента Статус (Текущо местоположение) Дата на вписване в системата Местоположение - отдел Цена в лева Инвентарен номер Систематично азбучна сигнатура Баркод Номер на екземпляра Цена в евро Служебна бележка Служебен тип на артикула Източник на класификационната схема
  Не е изгубен Не е повреден без рестрикции заемане за дома 259203 Регионална библиотека "Любен Каравелов" Русе Регионална библиотека "Любен Каравелов" Русе Детски отдел 2014-05-31 Детски отдел 13.00 120000777652 ДХ 820/899/Ч 16 120000777652 1 6.65 Дост: DA Вид: А N: 8 Дата: 31.05.2014 Дата инв: 11.08.2015 Бележки инв: Д2015 Книги  
  Не е изгубен Не е повреден без рестрикции заемане за дома 259204 Регионална библиотека "Любен Каравелов" Русе Регионална библиотека "Любен Каравелов" Русе Детски отдел 2014-06-05 Детски отдел 13.00 120000777884 ДХ 820/899/Ч 16 120000777884 2 6.65 Дост: Pk Вид: Ф N: 399 Дата: 03.06.2014 Дата инв: 11.08.2015 Бележки инв: Д2015 Книги  
  Не е изгубен Не е повреден без рестрикции заемане за дома 259205 Регионална библиотека "Любен Каравелов" Русе Регионална библиотека "Любен Каравелов" Русе Детски отдел 2014-06-05 Детски отдел 13.00 120000777885 ДХ 820/899/Ч 16 120000777885 3 6.65 Дост: Pk Вид: Ф N: 399 Дата: 03.06.2014 Дата инв: 11.08.2015 Бележки инв: Д2015 Книги Universal Decimal Classification
  Не е изгубен Не е повреден без рестрикции ползва се в читалня 259206 Регионална библиотека "Любен Каравелов" Русе Регионална библиотека "Любен Каравелов" Русе Хранилище 2014-09-30 Хранилище 13.00 120000781222 Цб 269027 120000781222 4 6.65 Дост: Dp Вид: Д N: 2 Дата: 16.01.2014 Книги  
  Не е изгубен Не е повреден без рестрикции заемане за дома 259207 Регионална библиотека "Любен Каравелов" Русе Регионална библиотека "Любен Каравелов" Русе Детски отдел 2015-07-23 Детски отдел 13.00 120000790453 ДХ 820/899/Ч 16 120000790453 5 6.65 Дост: DA Вид: А N: 13 Дата: 23.07.2015 Книги  
  Не е изгубен Не е повреден без рестрикции заемане за дома 259208 Регионална библиотека "Любен Каравелов" Русе Регионална библиотека "Любен Каравелов" Русе Детски отдел 2017-05-26 Детски отдел 5.00 120000811699 ДХ 820/899/Ч 16 120000811699 6 2.56 Дост: Pk Вид: Ф N: 490 Дата: 26.05.2017 Книги  
Vip Innovations Ltd, Rousse, Bulgaria 2025